| 000 | 01635cam a22004574i 4500 | ||
|---|---|---|---|
| 003 | PE-LiUPU | ||
| 005 | 20250731173437.0 | ||
| 008 | 150616s r 000 0 d | ||
| 035 | _a(Sirsi) a5549 | ||
| 040 |
_aPE-LiUPU _bspa _cPE-LiUPU _erda |
||
| 049 | _aPRUA | ||
| 082 | 0 | 4 |
_a282.320185 _bR81 _221 |
| 100 | 1 |
_aRomero, Catalina, _eautor. |
|
| 245 | 1 | 0 | _aIglesia en el Perú Compromiso y Renovación (1958-1984). |
| 264 | 1 |
_aLima : _bInstituto Bartolomé de las Casas, _c1987. |
|
| 300 |
_a75 páginas ; _c22 cm. |
||
| 336 |
_atext _2rdacontent |
||
| 337 |
_aunmediated _2rdamedia |
||
| 338 |
_avolume _2rdacarrier |
||
| 490 | 0 | _aIglesia y Sociedad | |
| 505 | 0 | _aIglesia y sociedad en el Perú 1959-1978 -- Iglesia y estado en la constitución de 1979 -- Medellín: dar la cara a la historia -- Iglesia peruana factores de cambio y continuidad. | |
| 526 | _aSEG42 | ||
| 526 | _aSEG41 | ||
| 526 | _aSEG40 | ||
| 526 | _aSEG39 | ||
| 526 | _aP94 | ||
| 526 | _aP87 | ||
| 526 | _aP86 | ||
| 526 | _aP85 | ||
| 526 | _aP77 | ||
| 526 | _aP76 | ||
| 526 | _aP35 | ||
| 650 | 0 | 4 | _aIGLESIA Y ESTADO - CONSTITUCION 1979. |
| 910 |
_ajck _bjvq _cjck |
||
| 942 |
_2ddc _cBOOK |
||
| 949 |
_a282.320185 R81 _wDEWEY _c1 _i39511 _lCCODEBUL1 _mBUL _p00.00 _r0 _sY _tBOOK _u19950913 _xTEOLOGIA _zUNKNOWN _0COMPRA _o.STAFF. Colección General |
||
| 994 |
_aC0 _bPEPRU |
||
| 596 | _a1 | ||
| 999 |
_a282.320185 R81 _wDEWEY _c56589 _i39511 _d56589 _f2021-11-11 _g4 _lCCODEBUL1 _mBUL _q2 _r0 _sY _tBOOK _u2015-6-16 _xTEOLOGIA _zUNKNOWN _0COMPRA _o.STAFF. Colección General |
||
| 980 |
_81 _gALBERTO SANCHEZ Responsable de Automatización |
||